Normal view
MARC view
- وصف الشعوب-ثقافة
Entry Topical Term
001 - CONTROL NUMBER
- control field: 41607
003 - CONTROL NUMBER IDENTIFIER
- control field: JO-AjAnu
005 - DATE AND TIME OF LATEST TRANSACTION
- control field: 20230606080917.0
008 - FIXED-LENGTH DATA ELEMENTS
- fixed length control field: 230606|| aca||aabn | a|a d
040 ## - CATALOGING SOURCE
- Original cataloging agency: JO-AjAnu
- Transcribing agency: JO-AjAnu
150 ## - HEADING--TOPICAL TERM
- Topical term or geographic name entry element: وصف الشعوب-ثقافة
670 ## - SOURCE DATA FOUND
- Source citation: Work cat.: (JO-AjAnu)21319: تاليف وليامز، رايمود؛ ترجمة سمعان، وجية؛ مراجعة فتحي، محمد, author 41606, الثقافة والمجتمع 1780-1950